000 00629nam a2200205Ia 4500
003 OSt
005 20250620122601.0
008 210210b1979 xxu||||| |||| 00| 0 eng d
040 _cAL
041 _aKannada
082 _a398.6K TAPK
100 _aTAPASVIKUMAR (Nam)
_dನಾಮ್ ತಪಸ್ವಿಕುಮಾರ್
_9215655
245 _aKannada ogatugala samikshe
_b ಕನ್ನಡ ಒಗಟುಗಳ ಸಮೀಕ್ಷೆ
260 _aMaisuru.
_bPrasaranga, Maisuru Vishwavidyanilaya.,
_c1979
300 _axx,139
650 _aOgatugalu
_9215656
690 _aFolklore
_9215657
906 _a042117
942 _2ddc
_cBK
999 _c91753
_d91753